Rough sets in knowledge discovery

Αποθηκεύτηκε σε:
Λεπτομέρειες βιβλιογραφικής εγγραφής
Μορφή: Βιβλίο
Γλώσσα:English
Δημοσίευση: Heidelberg : Physica-Verlag, c1998
Σειρά:Studies in fuzziness and soft computing,
Θέματα:
Ετικέτες: Προσθήκη ετικέτας
Δεν υπάρχουν, Καταχωρήστε ετικέτα πρώτοι!

MARC

LEADER 00000nam a2200000 i 4500
001 1/16091
008 010122s1998 eng d
020 |a 3-7908-1119-X (v.1) 
020 |a 3-7908-1120-3 (v.2) 
035 |l 10065651 
040 |a GR-MY-UA  |b gre  |e aacr 
041 0 |a eng 
082 0 |a 511.32 
245 1 0 |a Rough sets in knowledge discovery /  |c Lech Polkowski, Andrzej Skowron (Eds.) 
260 |a Heidelberg :   |b Physica-Verlag,   |c c1998 
300 |a 2 v.;  |b ill.;  |c 24 cm. 
490 1 |a Studies in Fuzziness and Soft Computing  |v ; 18-19 
500 |a v.1: "With 56 figures and 75 tables". 
500 |a v.2: "With 88 figures and 113 tables". 
504 |a Includes bibliographical references. 
505 0 |a v.1: Methodology and applications. - v.2: Applications, case studies and software systems 
650 0 0 |a Database management. 
650 0 0 |a Rough sets. 
650 0 0 |a Expert systems (Computer science) 
650 0 0 |a Soft computing. 
650 0 0 |a Set theory. 
700 1 |a Polkowski, Lech.  |4 cmt 
700 1 |a Skowron, Andrzej.  |4 cmt 
740 0 2 |a Methodology and applications 
740 0 2 |a Applications, case studies and software systems 
830 0 |a Studies in fuzziness and soft computing,  |x 18-19 
852 |a INST  |b SYROS  |e 20010122  |h 511.32 ROU  |p 005500001594  |q 005500001594  |t BK  |y 0  |z v.2 
852 |a INST  |b SYROS  |e 20010122  |h 511.32 ROU  |p 005500001596  |q 005500001596  |t BK  |y 0  |z v.1 
852 |a INST  |b SYROS  |e 20010122  |h 511.32 ROU  |p 005500001594  |q 005500001594  |t BK  |v v.2:  |y 0  |z v.2 
852 |a INST  |b SYROS  |e 20010122  |h 511.32 ROU  |p 005500001596  |q 005500001596  |t BK  |v v.1:  |y 0  |z v.1 
853 |a INST  |b SYROS  |h 511.32 ROU 
901 |a BIBL5-2001-1 
909 |a Ε  |b 084465 
909 |a Ε  |b 084466 
922 |a 5ΕΛΗ  |b 200012  |c ΓΡΑΦΙΚΩΝ ΤΕΧΝΩΝ  |d ΜΙΧΑΛΟΠΟΥΛΟΣ 
950 |a 183-2000-12-09 
970 |a ΚΟΝΤΟΥ  |b ΠΑΡΑΣΚΕΥΗ  |z 2001/01/24